Государева почта; Заутреня в Рапалло: Романы

Detalhes bibliográficos
Autor principal: Дангулов С. А. Савва Артемьевич
Idioma:russo
Publicado em: Москва, Известия, 1987
Colecção:Библиотека "Дружбы народов"
Assuntos:
Formato: MixedMaterials Livro
KOHA link:https://koha.lib.tpu.ru/cgi-bin/koha/opac-detail.pl?biblionumber=137476

MARC

LEADER 00000nam0a2200000 4500
001 137476
005 20231031141053.0
020 |a RU  |b 87-72896 
035 |a (RuTPU)RU\TPU\book\148994 
090 |a 137476 
100 |a 20080512d1987 m y0rusy5003 ca 
101 0 |a rus 
102 |a RU 
105 |a a z 000ay 
200 1 |a Государева почта; Заутреня в Рапалло  |e Романы  |f С. А. Дангулов 
210 |a Москва  |c Известия  |d 1987 
215 |a 528 с.  |c портр.  |d 21 см 
225 1 |a Библиотека "Дружбы народов" 
312 |a Прил. к журн. "Дружба народов" 
610 1 |a Дипломаты советские 
610 1 |a советская литература 
610 1 |a романы 
675 |a Р2  |z rus 
700 1 |a Дангулов  |b С. А.  |g Савва Артемьевич  |4 070 
801 0 |a RU  |b RuMRKP  |c 19950417  |g psbo 
801 1 |a RU  |b 63413507  |c 20080512 
801 2 |a RU  |b 63413507  |c 20080513  |g RCR 
942 |c BK